| 000 | 00625nam a2200229Ia 4500 | ||
|---|---|---|---|
| 003 | OSt | ||
| 005 | 20230517171145.0 | ||
| 008 | 210423s2006 xx 000 0 und d | ||
| 020 | _a978-1-4129-0284-3 | ||
| 040 | _cAL | ||
| 041 | _aeng | ||
| 082 |
_a338.9072 _223 _b DESD |
||
| 100 |
_aDESAI (Vandana);POTTER (Robert B) Ed _9107414 |
||
| 245 | _aDoing development research | ||
| 260 |
_aLondon _bSage Publications _c2006 |
||
| 300 |
_axi,324 _bHB |
||
| 365 |
_b8752.2 _cGBP |
||
| 650 |
_aEconomics _9107415 |
||
| 650 |
_aEconomics of Development _9107416 |
||
| 906 | _adevelopment ; Doing ; research | ||
| 942 |
_2ddc _cBK |
||
| 999 |
_c166678 _d166678 |
||